The innovator's mindset : empower learning, unleash talent, and lead a culture of creativity /

Bibliographic Details
Main Author: Couros, George (Author)
Corporate Author: Gale (Firm)
Format: eBook
Language:English
Published: San Diego, CA : Dave Burgess Consulting, Inc., [2015]
Subjects:
Online Access:Connect to the full text of this electronic book

MARC

Tag First Indicator Second Indicator Subfields
LEADER 00000nam a2200000 i 4500
001 in00005508549
003 OCoLC
006 m o d
007 cr cnu---unuuu
008 161018s2015 caua ob 000 0 eng d
005 20250816192004.4
019 |a 1003324493  |a 1081411371  |a 1156971621  |a 1204086261  |a 1236154336 
020 |a 9780986155482  |q (electronic bk.) 
020 |a 0986155489  |q (electronic bk.) 
020 |a 9780996989619 
020 |a 0996989617 
020 |z 9780986155499 
020 |z 0986155497 
024 8 |a 90100395084 
035 |a (OCoLC)960851962  |z (OCoLC)1003324493  |z (OCoLC)1081411371  |z (OCoLC)1156971621  |z (OCoLC)1204086261  |z (OCoLC)1236154336 
037 |a 5366FF81-47E0-4334-BB19-E09A5814913F  |b OverDrive, Inc.  |n http://www.overdrive.com 
040 |a TEFOD  |b eng  |e rda  |e pn  |c TEFOD  |d GGVRL  |d YDX  |d NTG  |d EBLCP  |d N$T  |d OCLCQ  |d DCT  |d OCLCF  |d MOS  |d TSC  |d OCLCQ  |d OCLCO  |d NZAUC  |d UKAHL  |d OCLCQ 
050 4 |a LB885.C68  |b I56 2015 
082 0 4 |a 371.207  |2 23 
100 1 |a Couros, George,  |e author. 
245 1 4 |a The innovator's mindset :  |b empower learning, unleash talent, and lead a culture of creativity /  |c George Couros. 
264 1 |a San Diego, CA :  |b Dave Burgess Consulting, Inc.,  |c [2015] 
264 4 |c ©2015 
300 |a 1 online resource ( x, 237 pages) :  |b illustrations. 
336 |a text  |b txt  |2 rdacontent 
337 |a computer  |b c  |2 rdamedia 
338 |a online resource  |b cr  |2 rdacarrier 
504 |a Includes bibliographical references. 
505 0 |a Part I. Innovation in education -- What innovation is and isn't -- The innovator's mindset -- Characteristics of the innovator's mindset -- Part II. Laying the groundwork -- Relationships, relationships, relationships -- Learn, lead, innovate -- Engage versus empower -- Creating a shared vision -- Part III. Unleashing talent -- Strengths-based leadership -- Powerful learning first, technology second -- Less is more -- Embracing and open culture -- Create meaningful learning experiences for educators -- Part IV. Concluding thoughts -- Are we there yet? -- The biggest barrier and "game changer" to innovation in education. 
588 0 |a Print version record. 
650 0 |a Educators. 
650 0 |a Child development. 
650 0 |a Educational change. 
650 1 |a Educators. 
650 1 |a Child development. 
650 2 |a Child Development 
650 6 |a Éducateurs. 
650 6 |a Enfants  |x Développement. 
650 6 |a Enseignement  |x Réforme. 
650 7 |a educators.  |2 aat 
650 7 |a Child development.  |2 fast  |0 (OCoLC)fst00854393 
650 7 |a Educational change.  |2 fast  |0 (OCoLC)fst00903371 
650 7 |a Educators.  |2 fast  |0 (OCoLC)fst00903702 
650 7 |a Educators.  |2 sears 
650 7 |a Child development.  |2 sears 
655 7 |a Electronic books.  |2 local 
710 2 |a Gale (Firm) 
776 1 8 |i Print version:  |a Couros, George.  |t Innovator's mindset.  |d San Diego, CA : Dave Burgess Consulting, Inc., [2015]  |z 9780986155499  |w (DLC) 2015953036  |w (OCoLC)933517316 
856 4 0 |u http://proxy.library.tamu.edu/login?url=https://link.gale.com/apps/pub/9780986155482/GVRL?u=txshracd2898  |z Connect to the full text of this electronic book  |t 0 
945 |b 217076 
955 |a YBP purchased firm e-records 
980 |b usergen  |c 90100395084  |g 565750  |k USD  |m 49.41  |q 1  |s AcqMono Conventional  |t Purchase at vendor system  |u Vendor order reference number  |v ZYBP  |y Faculty - electronic  |z Electronic resource 
999 f f |i 0817c432-2bc0-4802-8895-0ff2d14bd02b  |s 5b8388f8-adc2-418e-884f-ee8e98f3286c  |t 0 
952 f f |a Texas A&M University  |b College Station  |c Electronic Resources  |d Available Online  |t 0  |e LB885.C68 I56 2015  |h Library of Congress classification 
998 f f |a LB885.C68 I56 2015  |t 0  |l Available Online